000 05010nam a2200361Ia 4500
001 114168
003 DR-UNIBE
005 20251021153339.0
008 251021b2007 dr ||||| |||| 00| 0 spa d
020 _a97899451401125
040 _aBIBLIOTECA UNIBE
_cBIBLIOTECA UNIBE
_bspa
041 _aspa
082 0 _aRD 345.729305 O77c 2007
100 1 0 _aOrtega Polanco, Francisco Antonio,
_d1969-
_921041
_eautor
245 1 0 _aCódigo procesal penal :
_bpor un juez en ejercicio. Tomo 2 /
_cFrancisco Ortega Polanco
250 _aPrimera edición
260 _aSanto Domingo :
_b[Editor no identificado],
_c2007
300 _a583 páginas ;
_c26 cm
505 0 _aPresentación | Prefacio | Abreviaturas | Código procesal penal de la República Dominicana | LIBRO I. DISPOSICIONES GENERALES | TÍTULO I. PRINCIPIOS FUNDAMENTALES | Capítulo 1. La acción penal | Sección 1. Ejercicio de la acción penal | Sección 2. Criterios de oportunidad | Sección 3. Conciliación | Sección 4. Suspensión condicional del procedimiento | Sección 5. Extinción de la acción penal | Capítulo 2. Ejercicio y régimen de la acción civil | Capítulo 3. Excepciones | LIBRO II. LA JURISDICCIÓN PENAL | Capítulo 1. Jurisdicción y competencia | Capítulo 2. Tribunales competentes | Capítulo 3. Motivos de inhibición y recusación | TÍTULO II. VÍCTIMA Y QUERELLANTE | Capítulo 1. La víctima | Capítulo 2. Querellante | TÍTULO III. MINISTERIO PÚBLICO Y ÓRGANOS AUXILIARES | Capítulo 1. Ministerio público | Capítulo 2. Los órganos de investigación y auxiliares | TÍTULO IV. EL IMPUTADO | Capítulo 1. Normas generales | Capítulo 2. Declaración del imputado | TÍTULO V. LA DEFENSA TÉCNICA | TÍTULO VI. PARTES CIVILES | Capítulo 1. El actor civil | Capítulo 2. El tercero civilmente demandado | TÍTULO VII. AUXILIARES DE LAS PARTES | TÍTULO VIII. OBLIGACIONES DE LAS PARTES | LIBRO III. ACTIVIDAD PROCESAL | TÍTULO ÚNICO. ACTOS PROCESALES | Capítulo 1. Actos y resoluciones | Capítulo 2. Plazos | Capítulo 3. Control de la duración del proceso | Capítulo 4. Cooperación judicial internacional | LIBRO IV. MEDIOS DE PRUEBA | TÍTULO I. NORMAS GENERALES | TÍTULO II. COMPROBACIÓN INMEDIATA Y MEDIOS AUXILIARES | TÍTULO III. TESTIMONIOS | TÍTULO IV. PERITOS | TÍTULO V. OTROS MEDIOS DE PRUEBA | LIBRO V. MEDIDAS DE COERCIÓN | TÍTULO I. NORMAS GENERALES | TÍTULO II. MEDIDAS DE COERCIÓN PERSONALES | Capítulo 1. Arresto y conducencia | Capítulo 2. Otras medidas | Capítulo 3. Revisión de las medidas de coerción | TÍTULO III. MEDIDAS DE COERCIÓN REALES | LIBRO IV. COSTAS E INDEMNIZACIONES | TÍTULO I. DE LAS COSTAS | TÍTULO II. DE LA INDEMNIZACIÓN AL IMPUTADO | PARTE ESPECIAL. LIBRO I. PROCEDIMIENTO COMÚN | TÍTULO I. PROCEDIMIENTO PREPARATORIO | Capítulo 1. Normas generales | Capítulo 2. Actos iniciales | Sección 1. Denuncia | Sección 2. Querella | Sección 3. Intervención de la policía judicial | Sección 4. Investigación preliminar | Capítulo 3. Desarrollo de la investigación | Capítulo 4. Conclusión del procedimiento preparatorio | TÍTULO II. AUDIENCIA PRELIMINAR | TÍTULO III. EL JUICIO | Capítulo 1. Preparación del debate | Capítulo 2. Principios generales del juicio | Capítulo 3. De la sustanciación del juicio | Sección 1. De la vista de la causa | Sección 2. De la deliberación y la sentencia | Sección 3. Del registro o acta de audiencia | Sección 4. División del juicio | LIBRO II. PROCEDIMIENTOS ESPECIALES | TÍTULO I. PROCEDIMIENTO POR CONTRAVENCIONES | TÍTULO II. PROCEDIMIENTO PARA INFRACCIONES DE ACCIÓN PRIVADA | TÍTULO III. PROCEDIMIENTO PENAL ABREVIADO | Capítulo 1. Acuerdo pleno | Capítulo 2. Acuerdo parcial | TÍTULO IV. PROCEDIMIENTO PARA ASUNTOS COMPLEJOS | TÍTULO V. PROCEDIMIENTO PARA IMPUTABLES | TÍTULO VI. COMPETENCIA ESPECIAL | TÍTULO VII. EL HÁBEAS CORPUS | LIBRO III. LOS RECURSOS | TÍTULO I. DISPOSICIONES GENERALES | TÍTULO II. DE LA OPOSICIÓN | TÍTULO III. DE LA APELACIÓN | TÍTULO IV. APELACIÓN DE LA SENTENCIA | TÍTULO V. DE LA CASACIÓN | TÍTULO VI. DE LA REVISIÓN | LIBRO IV. EJECUCIÓN | TÍTULO I. EJECUCIÓN PENAL | Capítulo 1. Normas generales | Capítulo 2. Procedimiento | TÍTULO II. EJECUCIÓN CIVIL
650 7 _aProcedimiento penal
_2lemb
_zRepública Dominicana
_915663
650 7 _aSolución de conflictos
_998137
_2lemb
650 7 _aJueces
_998138
_2lemb
650 7 _aAdministración de justicia penal
_998139
_2lemb
650 7 _aProcesos (Derechos)
_911259
_2lemb
650 7 _aIgualdad ante la ley
_998140
_2lemb
650 7 _aDerecho penal
700 1 _aHernández Mejía, Edgar
_epresentación
_erevisor de contenido
_95180
700 1 _aPellerano Gómez, Juan Manuel
_eprefacio
_9200122
700 1 _aFebles, Miguel
_erevisor de estilo
_9182374
700 1 _aRivera, Santiago
_ediagramador
_9147927
942 _cBK
_2ddc
951 _a20061022 10:18:00
999 _c114168
_d114168